000 00711cam a2200241 4500
999 _c29424
_d29424
001 4551452
003 OSt
005 20171205195829.0
008 721103r1973 nyu 000 1 eng
010 _a 72011582
020 _a0381982351
040 _aDLC
_cDLC
_dDLC
050 0 0 _aPZ4.A48
_bGr3
_aPR9387.9.A48
082 0 0 _a823
100 1 _aAmadi, Elechi,
_d1934-2016.
245 1 4 _aThe great ponds;
_ba novel.
250 _a[1st American ed.]
260 _aNew York,
_bJohn Day Co.
_c[1973, c1969]
300 _a217 p.
_c22 cm.
650 0 _aVillages
_vFiction.
651 0 _aNigeria
_vFiction.
906 _a7
_bcbc
_corignew
_d1
_eocip
_f19
_gy-gencatlg
942 _2lcc
_cAFRICANA
_hPR 9387.9 .A4G7 2011